Представление документа в формате RUSMARC

ПолеНазваниеЗначение
  Тип записи a
  Библиографический уровень c
001 Контрольный номер RU/SLIB/B/208703723
005 Дата корректировки 20241021094955.7
010 Индекс ISBN __
d Цена 26-00; 41-57; 50-00
101 Язык документа 0_
a Язык текста rus
c Язык оригинала rus
200 Заглавие и сведения об ответственности 1_
a Заглавие Историки и история
e Сведения, относящиеся к заглавию жизнь, судьба, творчество : сб.
f Первые сведения об ответственности авт. проекта: Е. Б. Черняк, Б. А. Тормасов
b Общее обозначение материала Текст
h Номер части Т. 2
210 Выходные данные 1_
a Место издания М.
c Издательство Остожье
d Дата издания 1998
215 Физическое описание __
a Объем 871 с.
c Иллюстрации/тип воспроизводства ил.
225 Серия 2_
a Серия Анатомия истории
600 Персоналии _1
a Персоналии (Фамилия) Блок, М. А.
600 Персоналии _1
a Персоналии (Фамилия) Вольтер
600 Персоналии _1
a Персоналии (Фамилия) Гизо, Ф.
600 Персоналии _1
a Персоналии (Фамилия) Карлейль, Т.
600 Персоналии _1
a Персоналии (Фамилия) Коббет, У.
600 Персоналии _1
a Персоналии (Фамилия) Ламартин, А.
600 Персоналии _1
a Персоналии (Фамилия) Мабли, Г.
600 Персоналии _1
a Персоналии (Фамилия) Маколей, Т.
600 Персоналии _1
a Персоналии (Фамилия) Местр, Ж.
600 Персоналии _1
a Персоналии (Фамилия) Минье, О.
600 Персоналии _1
a Персоналии (Фамилия) Мишле, Ж.
600 Персоналии _1
a Персоналии (Фамилия) Моммзен, Т.
600 Персоналии _1
a Персоналии (Фамилия) Пиррен, А.
600 Персоналии _1
a Персоналии (Фамилия) Ранке, Л.
600 Персоналии _1
a Персоналии (Фамилия) Тойнби, А.
600 Персоналии _1
a Персоналии (Фамилия) Токвилль, А.
600 Персоналии _1
a Персоналии (Фамилия) Тьер, А.
600 Персоналии _1
a Персоналии (Фамилия) Тьерри, О.
600 Персоналии _1
a Персоналии (Фамилия) Тэн, И.
600 Персоналии _1
a Персоналии (Фамилия) Февр, Л.
600 Персоналии _1
a Персоналии (Фамилия) Давид, Ю.
600 Персоналии _1
a Персоналии (Фамилия) Куланж, Ф.
600 Персоналии _1
a Персоналии (Фамилия) Буркхард, Я.
600 Персоналии _1
a Персоналии (Фамилия) Бокль, Г. Т.
600 Персоналии _1
a Персоналии (Фамилия) Ли, Г.
600 Персоналии _1
a Персоналии (Фамилия) Гиббон, Э.
600 Персоналии _1
a Персоналии (Фамилия) Ренан, Ж.
600 Персоналии _1
a Персоналии (Фамилия) Сент-Джон, Б.
606 Тематические рубрики __
a Основная рубрика История
606 Тематические рубрики __
a Основная рубрика Историография
610 Ключевые слова 0_
a Ключевые слова биографии; историки; персоналии; исторические личности; исторические события
686 Индексы других классификаций __
2 Код системы rubbks
a Классификационный индекс 63.1-8; ст63-8
702 Вторичная интеллектуальная ответственность _1
a Фамилия Черняк
b Имя Е .Б.
4 Код отношения Автор проекта
4 Код отношения 245
702 Вторичная интеллектуальная ответственность _1
a Фамилия Тормасов
b Имя Б. А.
4 Код отношения Автор проекта
4 Код отношения 245
801 Источник записи _0
a Страна RU
b Организация Муниципальное бюджетное учреждение культуры "Централизованная библиотечная система" г. Сургут (Центральная городская библиотека им. А. С. Пушкина)
g Правила каталогизации ОБ/Котельникова
801 Источник записи _1
a Страна RU
b Организация Муниципальное бюджетное учреждение культуры "Централизованная библиотечная система" г. Сургут (Центральная городская библиотека им. А. С. Пушкина)
g Правила каталогизации ОБ/Котельникова
852 Данные о местонахождении __
j Шифр хранения 63.1-8
c Каталожный индекс 63
i Авторский знак И 90
p Инвентарный номер 75879; 69024; 73448
901 Тип документа __
t Тип документа x
903 Характеристики (МАРС) __
a Дата передачи 19991018
969 Тип издания __
a Тип издания сборник
990 Данные о заказе (DOS) 00
j Количество экземпляров (DOS) 1; 5; 1
t N записи в КСУ для И/У (DOS) 200001; 199901; 199801